000 01978nam0a2200433 4500
001 RU\NLR\bibl\114901
005 20260407074556.0
010 _a5-201-00629-9
_92200
020 _aRU
_b98-32371
_9Книжная летопись
021 _aRU
_b98-25335
_91206
035 _a(NLR Aleph) 000112504
090 _a638570
_c638570
100 _a20000410d1998 |||y0rusy50 ca
101 0 _arus
102 _aRU
105 _ay |||||||||
200 1 _aНэп: завершающая стадия. Соотношение экономики и политики
_e[Сб. ст.]
_fРос. акад. наук, Ин-т рос. истории
_g[Редкол.: В. П. Дмитренко (отв. ред.) и др.]
210 _aМ.
_cИРИ
_d1998
215 _a269,[1] с.
_d22
320 _aБиблиогр. в примеч. в конце ст.
606 0 _aНовая экономическая политика
_jСборники
_91716791
_3RU\NLR\auth\66765776
610 0 _aНовая экономическая политика (нэп)
610 0 _aКооперация в СССР - История
610 0 _aСССР - Экономическая история
610 0 _aЭкономическая история - СССР
675 _a338.22(47+57)(091)"192/193"(082)
_v3
_zrus
686 _a06.75
_2rugasnti
686 _a65.9(2)
_2rubbk
686 _aУ03(2)713-188я43
702 1 _4340
_8rus
_7ca
_aДмитренко
_bВ.П.
_cисторик
_f1933-1997
_gВладимир Петрович
_3RU\NLR\auth\7721823
_94884
711 1 2 _aКонференция по истории НЭПа
_d4
_f1995
_eМосква
_3RU\NLR\AUTH\8810028299
_9555130
712 0 2 _4570
_aИнститут российской истории
_cМосква
_3RU\NLR\AUTH\883386
_9278013
801 0 _aRU
_bRKP
_c20000410
_gPSBO
801 1 _aRU
_bRKP
_c20000410
801 2 _aRU
_bNLR
_c20041118
_grcr
852 _aNLR
_j98-3/7425
942 _cBOOK
980 _aNB